150 największych państw świata - Statystyki

Ogólne statystyki
  • Ten quiz został rozwiązany 356 razy
    343 od ostatniego zresetowania
  • Średni wynik to 103 z 150
Statystyki odpowiedzi
Liczba Państwo % Poprawnych
1 Rosja
93%
3 Chiny
92%
2 Kanada
90%
4 Stany Zjednoczone
90%
5 Brazylia
89%
6 Australia
87%
7 Indie
87%
69 Polska
87%
48 Francja
85%
8 Argentyna
84%
37 Chile
84%
13 Meksyk
84%
62 Niemcy
84%
108 Portugalia
84%
51 Hiszpania
82%
55 Szwecja
82%
77 Wielka Brytania
82%
11 Demokratyczna Republika Konga
80%
9 Kazachstan
80%
24 Południowa Afryka
80%
44 Ukraina
80%
71 Włochy
80%
10 Algieria
79%
12 Arabia Saudyjska
79%
103 Kuba
79%
18 Mongolia
79%
83 Białoruś
77%
129 Dania
77%
17 Iran
77%
61 Japonia
77%
49 Jemen
77%
120 Litwa
77%
121 Łotwa
77%
67 Norwegia
77%
70 Oman
77%
114 Serbia
77%
126 Słowacja
77%
111 Austria
75%
27 Boliwia
75%
113 Czechy
75%
128 Estonia
75%
64 Finlandia
75%
94 Grecja
75%
58 Irak
75%
57 Maroko
75%
59 Paragwaj
75%
15 Sudan
75%
36 Turcja
75%
32 Wenezuela
75%
20 Czad
74%
29 Egipt
74%
25 Kolumbia
74%
63 Kongo
74%
16 Libia
74%
75 Nowa Zelandia
74%
80 Rumunia
74%
107 Węgry
74%
130 Holandia
72%
14 Indonezja
72%
96 Korea Północna
72%
106 Korea Południowa
72%
21 Niger
72%
35 Pakistan
72%
41 Sudan Południowy
72%
131 Szwajcaria
72%
88 Urugwaj
72%
40 Afganistan
70%
22 Angola
70%
136 Belgia
70%
102 Bułgaria
70%
73 Ekwador
70%
117 Irlandia
70%
81 Laos
70%
31 Nigeria
70%
19 Peru
70%
93 Tadżykistan
70%
90 Tunezja
70%
52 Turkmenistan
70%
65 Wietnam
70%
110 Azerbejdżan
69%
26 Etiopia
69%
105 Islandia
69%
50 Tajlandia
69%
56 Uzbekistan
69%
138 Armenia
67%
123 Chorwacja
67%
118 Gruzja
67%
149 Izrael
67%
84 Kirgistan
67%
115 Panama
67%
150 Słowenia
67%
30 Tanzania
67%
140 Albania
66%
82 Gujana
66%
87 Kambodża
66%
66 Malezja
66%
91 Nepal
66%
43 Republika Środkowoafrykańska
66%
42 Somalia
66%
92 Bangladesz
64%
124 Bośnia i Hercegowina
64%
76 Gwinea
64%
45 Madagaskar
64%
23 Mali
64%
135 Mołdawia
64%
86 Syria
64%
68 Wybrzeże Kości Słoniowej
64%
72 Filipiny
62%
79 Ghana
62%
145 Macedonia Północna
62%
28 Mauretania
62%
95 Nikaragua
62%
112 Zjednoczone Emiraty Arabskie
62%
127 Dominikana
61%
98 Erytrea
61%
34 Mozambik
61%
89 Surinam
61%
109 Jordania
59%
53 Kamerun
59%
101 Liberia
59%
33 Namibia
59%
54 Papua Nowa Gwinea
59%
85 Senegal
59%
119 Sri Lanka
59%
46 Botswana
57%
47 Kenia
57%
39 Mjanma
57%
122 Togo
57%
60 Zimbabwe
57%
132 Bhutan
56%
104 Gwatemala
56%
148 Salwador
56%
147 Belize
54%
143 Haiti
54%
100 Honduras
54%
125 Kostaryka
54%
116 Sierra Leone
54%
38 Zambia
54%
99 Benin
52%
133 Gwinea Bissau
52%
141 Gwinea Równikowa
52%
144 Rwanda
52%
134 Tajwan
52%
78 Uganda
52%
74 Burkina Faso
49%
142 Burundi
48%
97 Malawi
48%
146 Dżibuti
44%
137 Lesotho
41%
139 Wyspy Salomona
28%
Nie znaleziono quizów pasujących do podanych kryteriów
Rozkład punktacji
Procent ludzi z każdym wynikiem
Percentyl według liczby udzielonych odpowiedzi
Twoja historia wyników
Nie rozwiązałeś tego quizu od ostatniego zresetowania